000 00484nam a2200169 4500
001 VA13977
003 ES-SlBCS
005 20210601154337.0
008 140520s1966 xxu||||| |||| 00| 0 spa d
041 _aspa
100 1 _aOrdóñez Ancín, Jesús
_929008
245 1 0 _aIntenta vencer la timidez
_b:Método del sistema cuádruple
_cJesús Ordóñez Ancín
260 _aMadrid :
_bStudium
_c, 1966
300 _a168 p.;
_c18 cm
650 _aTimidez-Superación
_9364302
942 _cBK
999 _c803435
_d803435